LEADER 01204cam0-22003851i-450- 001 990000765060403321 005 20090729114236.0 010 $a88-7042-864-8 035 $a000076506 035 $aFED01000076506 035 $a(Aleph)000076506FED01 035 $a000076506 100 $a20020821d1985----km-y0itay50------ba 101 0 $aita 102 $aIT 105 $ay-------001yy 200 1 $a<>scena della festa$ebozzetti e apparati scenografici per la festa dei quattro altari di Raffaele De Majo$fdi M. Di Nola e Franco Mancini$gnote biografiche e schede a cura di Pino Simonetti 210 $aNapoli$cGuida$dc1985 215 $a152 p.$cill.$d35 cm 225 1 $aImmagini 610 0 $aApparati scenografici$aFeste religiose 676 $a751.75$v22$zita 700 1$aDi Nola,$bAlfonso M.$f<1926-1997> 701 1$aMancini,$bFranco$034586 702 1$aDe Maio,$bRaffaele 702 1$aSimonetti,$bPino 801 0$aIT$bUNINA$gRICA$2UNIMARC 901 $aBK 912 $a990000765060403321 952 $a751.75 DIN 1$bDFM.2319$fFLFBC 952 $aSEZ.NA C 546$b6691$fFARBC 959 $aFARBC 959 $aFLFBC 996 $aScena della festa$9350355 997 $aUNINA LEADER 01334nam0-2200373---450 001 990009340910403321 005 20170614123441.0 010 $a9788849517927 035 $a000934091 035 $aFED01000934091 035 $a(Aleph)000934091FED01 035 $a000934091 100 $a20110411d2010----km-y0itay50------ba 101 0 $aita 102 $aIT 105 $a--------001yy 200 1 $aPer Peppino De Filippo attore e autore$egiornata di studi 28 novembre 2005$fa cura di Pasquale Sabbatino e Giuseppina Scognamiglio 210 $aNapoli$cEdizioni Scientifiche Italiane$d2010 215 $a374 p.$cill.$d24 cm 225 1 $a<>scrittura teatrale$iStudi e testi$v4 300 $aSul frontespizio: Università degli studi di Napoli Federico II, Facoltà di lettere e filosofia, Diparimento di filologia moderna Salvatore Battaglia 610 0 $aDe Filippo, Peppino 676 $a792.092$v21$zita 676 $a852.914$v22$zita 702 1$aSabbatino,$bPasquale$f<1953- > 702 1$aScognamiglio,$bGiuseppina 801 0$aIT$bUNINA$gRICA$2UNIMARC 901 $aBK 912 $a990009340910403321 952 $a792.092 SAB 1$bDip.fil.mod.17883$fFLFBC 952 $a852.914 DEFP/S 1$bDip.f.m.17882$fFLFBC 959 $aFLFBC 996 $aPer Peppino De Filippo attore e autore$9767023 997 $aUNINA